Statystyki dla Marki samochodów dla początkujących

Kliknij tutaj aby rozwiązać quiz!

Ogólne statystyki

  • Ten quiz został rozwiązany 154 razy
  • Średni wynik to 16 z 25

Statystyki odpowiedzi

Kraj pochodzeniaMarka% Poprawnych
NiemcyAudi
94%
NiemcyBmw
94%
WłochyFiat
84%
NiemcyMercedes-benz
80%
NiemcyVolkswagen
80%
NiemcyOpel
79%
JaponiaToyota
78%
Stany ZjednoczoneFord
77%
CzechySkoda
76%
WłochyFerrari
70%
Korea-Połu.Hyundai
70%
JaponiaHonda
67%
WłochyLamborghini
66%
FrancjaPeugeot
65%
SzwecjaVolvo
64%
JaponiaNissan
63%
FrancjaRenault
63%
Korea-Połu.Kia
59%
JaponiaMazda
57%
Stany ZjednoczoneDodge
45%
JaponiaMitsubishi
40%
Stany ZjednoczoneJeep
34%
NiemcyPorshe
32%
FrancjaBugatti
30%
Stany ZjednoczoneTesla
26%

Rozkład punktacji

Percentyl według liczby udzielonych odpowiedzi

Procent ludzi z każdym wynikiem

Twoja historia wyników

Nie rozwiązałeś tego quizu